Central Library OPAC University of Rajshahi

The Bangladesh veterinarian / (Record no. 36609)

MARC details
000 -LEADER
fixed length control field 00932nas a2200289 a 4500
001 - CONTROL NUMBER
control field 36609
003 - CONTROL NUMBER IDENTIFIER
rucl marc code BD-RjUL
005 - DATE AND TIME OF LATEST TRANSACTION
control field 20211209052517.0
008 - FIXED-LENGTH DATA ELEMENTS--GENERAL INFORMATION
fixed length control field 140803c199u9999bg fa ss 0 0eng
025 ## - OVERSEAS ACQUISITION NUMBER
Overseas acquisition number B-2006-453715-S; 17
035 ## - SYSTEM CONTROL NUMBER
System control number (BD-RjUL)36710
040 ## - CATALOGING SOURCE
Original cataloging agency BD-RjUL
Language of cataloging eng
Transcribing agency BD-RjUL
043 ## - GEOGRAPHIC AREA CODE
Geographic area code a-bg---
082 ## - DEWEY DECIMAL CLASSIFICATION NUMBER
Classification number 636.089
Author mark and year BAV
245 04 - TITLE STATEMENT
Title The Bangladesh veterinarian /
Statement of responsibility, etc. Bangladesh Animal Health Society
260 ## - PUBLICATION, DISTRIBUTION, ETC. (IMPRINT)
Place of publication, distribution, etc. Mymensingh :
Name of publisher, distributor, etc. Bangladesh Animal Health Society
Date of publication, distribution, etc. 2012
300 ## - PHYSICAL DESCRIPTION
Pagination V. :
Illustrations ill. ;
Size of unit 24 cm.
650 #0 - SUBJECT ADDED ENTRY--TOPICAL TERM
Topical term or geographic name as entry element Veterinary medicine
Geographic subdivision Bangladesh
Form subdivision Periodicals.
9 (RLIN) 111586
710 2# - ADDED ENTRY--CORPORATE NAME
Corporate name or jurisdiction name as entry element Bangladesh Animal Health Society.
9 (RLIN) 111587
776 08 - ADDITIONAL PHYSICAL FORM ENTRY
Relationship information Print version:
Title Bangladesh veterinarian
International Standard Serial Number 1012-5949
Record control number (OCoLC)77555352
-- (DLC) 2006453715
942 ## - ADDED ENTRY ELEMENTS (KOHA)
Source of classification or shelving scheme Dewey Decimal Classification
Koha item type Continuing Resources
Holdings
Lost status Source of classification or shelving scheme Damaged status Not for loan Collection code Permanent Location Current Location Shelving location Date acquired Source of acquisition Total Checkouts Full call number Date last seen Copy number Koha item type
  Dewey Decimal Classification   Not For Loan Non-fiction Central Library, University of Rajshahi Central Library, University of Rajshahi   07/07/2014 Bangladesh Animal Society   P 636.089 BAV V-29No.1-2 2012 03/08/2014 C-1 Continuing Resources